000 00540nam a22001817a 4500
005 20170627123439.0
010 _aENG-118948
020 _a9788184655780
_c150.00
035 _aEN-102480
037 _bDBAD/PUB
082 _a230
100 _aRedfern, Alastair
245 _aThe challenge of our christian calling /
_cby Alastair Redfern
260 _aDelhi
_bISPCK
_c2016
270 _aPost Box 1585, 1654, Madarsa Road, Kashmere Gate, Delhi-110006
300 _axii,101p
_c21cm.(pbk)
942 _2ddc
_cEN
_h230
_mRED
999 _c142014
_d142014